| 000 | 01411nam a2200289Ia 4500 | ||
|---|---|---|---|
| 999 |
_c40327 _d40327 |
||
| 001 | 6935 | ||
| 003 | GE_BSU | ||
| 005 | 20200219115345.0 | ||
| 008 | 181216s1990||||ge |||||||||||||| ||geo|| | ||
| 020 | _a5505014186 | ||
| 040 | _cGE_BSU | ||
| 041 | _ageo | ||
| 080 | _a821.353.1-84 გ-97 | ||
| 100 |
_aგურამიშვილი, დავით. _96973 |
||
| 245 |
_aვსთქვი დავით = სიბრძნის წყარო : _bაფორიზმები, კალამბურები სენტენციები, სხარტული, შეგონებანი / _cდავით გურამიშვილი ; რედ. სარგის ცაიშვილი ; შემდგ. გ. ბოჯგუა. |
||
| 264 |
_aთბილისი : _bგანათლება, _c1990. |
||
| 300 |
_a102 გვ. ; _c10 სმ. |
||
| 653 | _aვსთქვი დავით | ||
| 653 | _aსიბრძნის წყარო | ||
| 653 | _aშეგონებანი | ||
| 653 | _aაფორიზმები | ||
| 653 | _aსხარტული | ||
| 653 | _aკალამბურები სენტენციები | ||
| 700 |
_aცაიშვილი, სარგის _eრედაქტორი _95577 |
||
| 700 |
_aბოჯგუა, გ. _eშემდგენელი _97163 |
||
| 942 |
_cBK _2udc |
||